000 00317 a2200133 4500
001 148863
040 _cEscola São Tomás de Aquino
100 _aVENEZA, Maurício
240 1 0 _aMeia palavra não basta
_lpor
245 1 0 _aMeia palavra não basta
362 0 _a1998
697 _a*LITERATURA INFANTIL
942 _cBK
999 _c148863
_d148863